00868nac a22002291u 4500010001600000020001500016082001900031090001500050100003400065245011100099250001200210260005600222300005100278500002000329500002700349511002800376650004700404700002900451942002100480999001500501952012200516 a 00067577 a073552020800a346.73077bWAR c6824d6824 aWarren, Elizabeth. 14aThe law of debtors and creditors :btext, cases, and problems /cElizabeth Warren, Jay Lawrence Westbrook. a4th ed. aGaithersburg :bAspen Law & Business,c2001.cc2001. axxxiii, 1076 p. ;c25 cm. +eteacher's manual. aIncludes index. aDistributer: Al-Ahram. aCatalogued By: Mahitab. 0aDebtor and creditorzUnited StatesvCases.1 aWestbrook, Jay Lawrence. cBBk346.73077WAR c6824d6824 00104070aMAINbMAINc1STd2007-12-06ePurchasel2m5o346.73077WARp000008552r2025-07-15 00:00:00s2024-11-23yBB